| 000 | 01383nam a22003017a 4500 | ||
|---|---|---|---|
| 005 | 20240530110352.0 | ||
| 008 | 141224s2009 qa g b 000 0 ara d | ||
| 020 | _a9789953876542 | ||
| 040 | _aEG-CaGPL | ||
| 041 | 0 | _aara | |
| 082 | 0 | 4 |
_221 _a962.404\ _bع د |
| 100 | 0 | _aعبده مختار موسى | |
| 245 | 1 | 0 |
_aدارفور : _bمن ازمة دولة الى صراع القوى العظمى / _cعبده مختار موسى |
| 250 | _aط1 | ||
| 260 |
_aالدوحة : _bمركز الجزيرة للدراسات ، _c2009 |
||
| 260 |
_aبيروت : _bالدار العربية للعلوم ناشرون ، _c2009 |
||
| 300 |
_a391 ص ؛ _c24 سم |
||
| 504 | _aببليوجرافية : ص 309 - 315 | ||
| 651 | 0 | 4 |
_aالسودان _xتاريخ _zسلطنة دارفور |
| 651 | 0 | 4 |
_aالسودان _xازمة دارفور |
| 651 | 0 | 4 |
_aالولايات المتحدة الامريكية _xالاحوال السياسية _zازمة دارفور |
| 651 | 0 | 4 |
_aفرنسا _xالاحوال السياسية _zازمة دارفور |
| 651 | 0 | 4 |
_aالصين _xالاحوال السياسية _zازمة دارفور |
| 651 | 0 | 4 |
_aافريقيا _xالاحوال السياسية _zازمة دارفور |
| 651 | 0 | 4 |
_aالاتحاد الاوروبى _xالاحوال السياسية _zازمة دارفور |
| 942 |
_2ddc _cBK |
||
| 999 |
_c60085 _d60085 |
||